Statistics for The Places They Went #1

Click here to take the quiz!

General Stats

  • This quiz has been taken 25,252 times
  • The average score is 11 of 17

Answer Stats

Places lived / visitedAnswer% Correct
Braunau am Inn, Vienna, Munich, BerlinAdolf Hitler
86%
Gujarat, London, South Africa, New DelhiMahatma Gandhi
82%
Corsica, Paris, Austerlitz, Moscow, Elba, St. HelenaNapoleon
79%
Kentucky, Indiana, Springfield, Washington D.C.Abraham Lincoln
76%
Genoa, Spain, Bahamas, Santo Domingo, ValladolidChristopher Columbus
76%
Middlesbrough, Tahiti, Australia, New Zealand, HawaiiCaptain Cook
71%
Venice, Baghdad, Beijing, Constantinople, VeniceMarco Polo
70%
Atlanta, Birmingham, Selma, MemphisMartin Luther King, Jr.
70%
Pella, Gordium, Memphis, Kabul, BabylonAlexander the Great
62%
Rosario, Buenos Aires, Cuba, Congo, BoliviaChe Guevara
62%
Skopje, Ireland, CalcuttaMother Theresa
61%
Boston, Philadelphia, London, Paris, PhiladelphiaBenjamin Franklin
55%
Iceland, Norway, Newfoundland, GreenlandLeif Erikson
51%
Oak Park, Kansas City, Italy, Paris, Key West, Havana, IdahoErnest Hemingway
44%
Louisville, Chicago, Kinshasa, Manila, ScottsdaleMuhammad Ali
41%
Tarsus, Antioch, Jerusalem, Ephesus, Philippi, RomeSt. Paul
39%
New York City, North Dakota, Cuba, Washington D.C., East Africa, Oyster BayTheodore Roosevelt
29%

Score Distribution

Percentile by Number Answered

Percent of People with Each Score

Your Score History

You have not taken this quiz